S26 Stationen (Karte Berliner Ortsteile) - Statistiken

Allgemein
  • Dieses Quiz wurde 12 mal gespielt
  • Das Durchschnittsergebnis liegt bei 22 aus 23
Antworten auf der Karte
Die Antworten werden auf der Karte rot bzw. grün angezeigt, abhängig davon wie oft sie richtig erraten wurden.
 
Antwortstatistiken
Antwort % Korrekt
Anhalter Bahnhof
100%
Bornholmer Straße
100%
Brandenburger Tor
100%
Friedrichstraße
100%
Gesundbrunnen
100%
Humboldthain
100%
Lankwitz
100%
Lichterfelde Ost
100%
Lichterfelde Süd
100%
Nordbahnhof
100%
Oranienburger Straße
100%
Osdorfer Straße
100%
Potsdamer Platz
100%
Priesterweg
100%
Südende
100%
Südkreuz
100%
Teltow Stadt
100%
Yorckstraße
100%
Schönholz
75%
Waidmannslust
75%
Wilhelmsruh
75%
Wittenau
75%
Wollankstraße
50%
Keine übereinstimmenden Quizze gefunden
Verteilung der Resultate
Anzahl Personen mit jedem Resultat
Perzentil nach korrekt beantworteten Fragen
Ihre Resultats-Entwicklung
Sie haben dieses Quiz noch nicht gespielt